Clint Eastwood Cast - Sudden Death - Statistics

General Stats
  • This quiz has been taken 50 times
  • The average score is 7 of 19
Answers on the Grid
Answers color-coded by a green-red scale on the quiz's grid according to % correct below.
Morgan Freeman
Minnie Driver
Judy Greer
Kevin Bacon
Forest Whitaker
Bradley Cooper
Jennifer Lopez
Brendan Fraser
Tom Hanks
John Malkovich
John Carroll Lynch
Andy Garcia
Antonio Banderas
Scott Eastwood
Danny Trejo
Hilary Swank
Kiefer Sutherland
Toni Collette
Matt Damon
Maggie Smith
Matthew Fox
Bryce Dallas Howard
Sadie Sink
Bill Cosby
Anthony Mackie
Tony Todd
Clancy Brown
Nicholas Hoult
J.K. Simmons
Robin Williams
 
Answer Stats
Answer % Correct
Morgan Freeman
78%
Hilary Swank
67%
Scott Eastwood
67%
Bradley Cooper
61%
J.K. Simmons
44%
Matt Damon
44%
Tom Hanks
44%
Forest Whitaker
39%
Kevin Bacon
39%
Toni Collette
33%
Andy Garcia
28%
John Malkovich
28%
Kiefer Sutherland
28%
Nicholas Hoult
28%
Anthony Mackie
22%
Bryce Dallas Howard
22%
John Carroll Lynch
17%
Tony Todd
17%
Judy Greer
6%
No matching quizzes found
Score Distribution
Percent of People with Each Score
Percentile by Number Answered
Your Score History
You have not taken this quiz